Ciencias naturales es 1 /
Guardado en:
| Autor Principal: | |
|---|---|
| Otros Autores: | , , |
| Formato: | Libro |
| Publicado: |
Buenos Aires :
Tinta Fresca,
2007
|
| Series: | Es 1
|
| Materias: | |
| Etiquetas: |
Agregar Etiqueta
Sin Etiquetas, Sea el primero en etiquetar este registro!
|
| LEADER | 00986nam a22002775a 4500 | ||
|---|---|---|---|
| 001 | CEM.cems012994 | ||
| 005 | 20081016092235.0 | ||
| 008 | 130507s2007##################000#0#####d | ||
| 003 | CEMS | ||
| 020 | |a 9789875761490 | ||
| 082 | 0 | 4 | |a Z570 |
| 100 | 1 | |a Abellán, Karina | |
| 245 | 1 | 0 | |a Ciencias naturales es 1 / |c Karina Abellán ... [et Al.] |
| 260 | |a Buenos Aires : |b Tinta Fresca, |c 2007 | ||
| 300 | |a 256 p. | ||
| 490 | 0 | |a Es 1 | |
| 500 | |a Para nivel Educación Secundaria Básica | ||
| 505 | 0 | |a Los materiales y sus transformaciones -- La energía y los movimientos -- La vida y el ambiente | |
| 653 | |a Ciencias naturales | ||
| 653 | |a Ciencias naturales-educación secundaria básica | ||
| 653 | |a Ciencias naturales 1º-esb | ||
| 700 | 1 | |a Bazo, Raúl | |
| 700 | 1 | |a Caro, Gabriela | |
| 700 | 1 | |a Sellés-martínez, José | |
| 859 | |a CEMS |b BIB. CEMS - 11 de abril |h Z570 |i C394 |p 25408.08 |t Ej.1 |v 1º |3 1º | ||
| 859 | |a CEMS |b BIB. CEMS - 11 de abril |h Z570 |i C394 |p 25409.08 |t Ej.2 |v 1º |3 1º | ||
